| 000 | 00587nam a2200181Ia 4500 | ||
|---|---|---|---|
| 999 |
_c55372 _d55372 |
||
| 005 | 20240530105352.0 | ||
| 008 | 140319s9999 xx 000 0 ara d | ||
| 017 | _bمصر. دار الكتب | ||
| 040 |
_aGCL / _cGCL |
||
| 082 | 0 | 4 |
_a301.24 _bا ع _221 |
| 100 | 1 | _aاعضاء هيئة التدريس قسم الاجتماع | |
| 245 | 1 | 0 |
_aعلم الاجتماع ومسقبل الانسان العربى / _cاعضاء هيئة التدريس قسم الاجتماع |
| 260 | _c1993 | ||
| 300 | _a281 | ||
| 650 | 0 | 4 |
_aالاجتماع _2qrmak |
| 651 | _2qrmak | ||
| 942 |
_2ddc _cBK |
||